[Event "TATA 14th IBCA Olympiad"]
[Site "Chennai IND"]
[Date "2012.08.16"]
[Round "6.3"]
[White "Fernandez Manrique,A"]
[Black "Darpan,I"]
[Result "1/2-1/2"]
[WhiteElo "2170"]
[BlackElo "2015"]

1.c4 c6 2.g3 Nf6 3.Bg2 d5 4.Nf3 dxc4 5.O-O e6 6.Na3 b5 7.b3 Qa5 8.Nc2 cxb3
9.axb3 Qb6 10.Bb2 Be7 11.b4 O-O 12.Ne5 a6 13.Bd4 Qc7 14.Qb1 Bb7 15.Rc1 Nbd7
16.Qb2 Rac8 17.Ne1 Nxe5 18.Bxe5 Qd7 19.Ra3 Rfd8 20.Rd3 Qe8 21.Rxd8 Qxd8 22.Nd3 Qf8
23.Bd4 Nd7 24.Nc5 Nxc5 25.Bxc5 Bxc5 26.Rxc5 a5 27.d4 axb4 28.Qxb4 Qd6 29.Rxb5 Qxb4
30.Rxb4 Ba6 31.e3 Bb5 32.Bf1 Kf8 33.Rb1 Bxf1 34.Kxf1 Ke7 35.Ke2 Rc7 36.Kd3 Kd6
37.e4 Ra7 38.Rb2 Ra3+ 39.Ke2 Ra7 40.Rc2 f5 41.exf5 exf5 42.Rc5 g6 43.h4 Ra2+
44.Ke3 Ra3+ 45.Ke2 Ra2+ 46.Ke3 Ra3+ 47.Ke2  1/2-1/2

[Event "2nd Metropolitan International"]
[Site "Los Angeles USA"]
[Date "2012.08.16"]
[Round "5"]
[White "Molner,M"]
[Black "Gareev,T"]
[Result "0-1"]
[WhiteElo "2491"]
[BlackElo "2658"]

1.c4 c6 2.e4 d5 3.exd5 cxd5 4.cxd5 Nf6 5.Nc3 Nxd5 6.d4 g6 7.Bc4 Nb6 8.Bb3 Bg7
9.Nf3 O-O 10.O-O Nc6 11.d5 Na5 12.Bg5 h6 13.Be3 Bg4 14.h3 Bxf3 15.Qxf3 Nbc4
16.Rac1 Rc8 17.Bxc4 Nxc4 18.b3 Nxe3 19.Qxe3 Qa5 20.Ne2 Qxd5 21.Qxa7 Ra8 22.Qe3 Rfd8
23.Rc7 Bf6 24.a4 Ra6 25.Nf4 Qd6 26.Rc4 Ra5 27.Ne2 Re5 28.Re4 Rd5 29.Nf4 Bd4
30.Nxd5 Bxe3 31.Nxe7+ Kg7 32.Rxe3 Qb4 33.g3 Rd7 34.Rfe1 Rd3 35.Kg2 Rxb3 36.Rxb3 Qxe1
37.Re3 Qb4 38.Nd5 Qxa4 39.Nf4 Qc6+ 40.Kg1 b5 41.Ne2 Qc4  0-1

[Event "46th Mislata Magistral"]
[Site "Mislata ESP"]
[Date "2012.08.16"]
[Round "5.2"]
[White "Garcia Martinez,S"]
[Black "Alcaraz Ortega,J"]
[Result "1/2-1/2"]
[WhiteElo "2319"]
[BlackElo "2331"]

1.c4 c6 2.e4 d5 3.exd5 cxd5 4.d4 Nf6 5.Nc3 g6 6.cxd5 Bg7 7.Qb3 O-O 8.Be2 Na6
9.Bf3 Qb6 10.Qxb6 axb6 11.Nge2 Nb4 12.O-O Rd8 13.Bg5 Nfxd5 14.Nxd5 Nxd5 15.a3 Be6
16.Rac1 Kf8 17.Rfd1 h6 18.Be3 Rac8 19.Rxc8 Rxc8  1/2-1/2

[Event "2nd Split Open 2012"]
[Site "Split CRO"]
[Date "2012.08.16"]
[Round "6.41"]
[White "Petek,Pr"]
[Black "Bleuzen,E"]
[Result "1/2-1/2"]
[WhiteElo "2106"]
[BlackElo "1986"]

1.c4 c6 2.g3 Nf6 3.Bg2 d5 4.Nf3 g6 5.O-O Bg7 6.d4 O-O 7.cxd5 cxd5 8.Nc3 Nc6
9.Ne5 Ne4 10.Nxc6 bxc6 11.Nxe4 dxe4 12.Be3 f5 13.Rc1 Be6 14.b3 Bd5 15.Qd2 Qb6
16.Rc5 Rfc8 17.Bh6 Bh8 18.Rfc1 Rd8 19.e3 Bf6 20.h4 e6 21.Bg5 Bxg5 22.hxg5 Rf8
23.Bf1 Qd8 24.Bc4 Rf7 25.Bxd5 cxd5 26.Qb4 Kg7 27.Rc6 Qxg5 28.Rxe6 h5 29.Rcc6 Rg8
30.Rxg6+ Qxg6 31.Rxg6+ Kxg6 32.Qd6+ Rf6 33.Qxd5 Rg7 34.Qe5 Rd7 35.Qe8+ Rff7
36.Kg2 Rc7 37.b4 Kg5 38.a4 h4 39.Qg8+ Rg7 40.Qd8+ Rge7 41.Qd6 hxg3 42.Kxg3 Rg7
43.Qd8+ Rce7 44.Kg2 Kh5+ 45.Kf1 Rc7 46.Qe8+ Kg5 47.Qe5 Rc1+ 48.Kg2 Rh7 49.Qf4+ Kf6
50.Qd6+ Kg5 51.Qd8+ Kg6 52.Kg3 Rf1 53.Qe8+ Kf6 54.Qe5+ Kg5 55.Qf4+ Kf6 56.Qd6+ Kg5
57.Qd8+ Kg6 58.Qe8+ Kf6 59.Qe5+ Kg5 60.Qf4+ Kf6 61.Qd6+ Kg5 62.Qd8+  1/2-1/2

[Event "Stare Mesto Open 2012"]
[Site "Stare Mesto CZE"]
[Date "2012.08.16"]
[Round "8.8"]
[White "Jasny,S"]
[Black "Shanel,J"]
[Result "1-0"]
[WhiteElo "2308"]
[BlackElo "2191"]

1.c4 c6 2.d4 d5 3.Nf3 Bf5 4.cxd5 cxd5 5.Nc3 e6 6.Qb3 Qb6 7.Qxb6 axb6 8.Nb5 Na6
9.Bd2 f6 10.Rc1 Kd7 11.a3 g5 12.e3 Ne7 13.Bc3 Nc6 14.Be2 Nc7 15.Nd2 Rg8 16.Nxc7 Kxc7
17.g4 Bg6 18.h4 Bd6 19.hxg5 fxg5 20.Nf3 Be4 21.Rh5 Bg6 22.Rh3 Be4 23.Ne5 Raf8
24.f3 Bg6 25.Nxg6 hxg6 26.Kf2 Kb8 27.Bb5 Rg7 28.Kg2 Rc8 29.Rch1 Na7 30.Bd3 Bxa3
31.Rh8 Bd6 32.Rxc8+ Nxc8 33.Rh6 Ne7 34.e4 Bf4 35.e5 Be3 36.Rh8+ Rg8 37.Rxg8+ Nxg8
38.Bxg6 Ne7 39.Bf7 Nc6 40.Bxe6 Bxd4 41.Bxd4 Nxd4 42.Bxd5 Ne2 43.Kf2 Nf4 44.Bc4 Ng6
45.e6 Kc7 46.Ke3 Kd6 47.Ke4 b5 48.Ba2 Nh4 49.f4 gxf4 50.Kxf4 Ng2+ 51.Kg5 Ne3
52.Kh5 Ke7 53.g5 Nf5 54.Kg6 Nd6 55.Kh7 Ne8 56.Kh8 b6 57.Bb3 b4 58.Ba2 b5
59.Bb3  1-0

[Event "Husek Vienna Open A"]
[Site "Vienna AUT"]
[Date "2012.08.16"]
[Round "4"]
[White "Schwabeneder,Florian"]
[Black "Michalik,P"]
[Result "0-1"]
[WhiteElo "2266"]
[BlackElo "2508"]

1.c4 c6 2.g3 d5 3.Nf3 Bg4 4.Bg2 e6 5.O-O Nd7 6.cxd5 cxd5 7.Nc3 Ngf6 8.d3 Bd6
9.h3 Bh5 10.e4 O-O 11.Qe2 d4 12.Nb5 Bxf3 13.Bxf3 Bc5 14.Bf4 e5 15.Bd2 Qb6
16.a4 a6 17.Na3 Bxa3 18.bxa3 a5 19.Rfb1 Qc6 20.Rb5 b6 21.Qd1 Rfc8 22.g4 Ne8
23.g5 Nc7 24.Rb2 Nc5 25.Rc1 N7e6 26.Rb5 Qd6 27.Qc2 Qd8 28.Qb1 Nxg5 29.Bg4 Rc6
30.f4 exf4 31.Bxf4 h5  0-1

[Event "EY Boys U16 2012"]
[Site "Prague CZE"]
[Date "2012.08.17"]
[Round "1.17"]
[White "Harutyunian,T"]
[Black "Burcu,C"]
[Result "1-0"]
[WhiteElo "2308"]
[BlackElo "1992"]

1.c4 c6 2.Nf3 Nf6 3.Nc3 d5 4.e3 e6 5.b3 Nbd7 6.Bb2 Bd6 7.Qc2 O-O 8.Rg1 Ng4
9.Be2 Nge5 10.h4 Re8 11.O-O-O Qa5 12.h5 Ba3 13.Nxe5 Nxe5 14.g4 dxc4 15.bxc4 Qb4
16.Qb3 Bxb2+ 17.Kxb2 Qa5 18.g5 b5 19.c5 Ba6 20.Ne4 b4 21.Bxa6 Qxa6 22.Ka1 Rab8
23.Nd6 Re7 24.d4 Nf3 25.Rg3 Qe2 26.Qd3 Qxd3 27.Rxd3 Nh4 28.e4 e5 29.Rg4 exd4
30.Rxh4 Re5 31.g6 fxg6 32.hxg6 h6 33.Rxd4 Rxc5 34.Rh3 a5 35.Rhd3 Re5 36.f4 Re6
37.f5 Ree8 38.Nc4  1-0

[Event "EY Boys U18 2012"]
[Site "Prague CZE"]
[Date "2012.08.17"]
[Round "1.3"]
[White "Plat,V"]
[Black "Andreev,Sa"]
[Result "0-1"]
[WhiteElo "2480"]
[BlackElo "2197"]

1.c4 c6 2.Nf3 d5 3.b3 Nf6 4.Bb2 Bf5 5.d3 e6 6.Nbd2 a5 7.g3 h6 8.Bg2 Nbd7
9.O-O Bh7 10.cxd5 cxd5 11.Rc1 Be7 12.Ne5 O-O 13.Ndf3 Qb8 14.Qd2 a4 15.Rc2 axb3
16.axb3 Nc5 17.Qb4 Re8 18.Qb5 Ra2 19.Rfc1 Bd6 20.b4 Nb3 21.Rb1 Rc8 22.Nc4 dxc4
23.Rxc4 Nd5 24.e4 Nc7 25.Qb6 Ra6 26.Qe3 Nb5 27.Bf1 Na3 28.Bxa3 Rxa3 29.Rb2 Na1
30.Nd2 b5 31.Rxc8+ Qxc8 32.Qb6 Qb8 33.Qc6 Be5 34.Rb1 Rc3 35.Qa6 Nc2 36.Nf3 Bc7
37.Qa2 Bd6 38.Rb2 Nxb4 39.Qb1 Qf8 40.Nd4 Be7 41.Nxb5 Rc8 42.d4 Rd8 43.Qe1 Nc6
44.Qe3 Bg5 45.f4 Bf6 46.e5 Be7 47.Kh1 Nb4 48.Nc3 Rb8 49.Rd2 Qc8 50.Rd1 Nc2  0-1

[Event "EY Boys U16 2012"]
[Site "Prague CZE"]
[Date "2012.08.17"]
[Round "1.42"]
[White "Novotny,Ales"]
[Black "Melzer,Patrik"]
[Result "0-1"]
[WhiteElo "1794"]
[BlackElo "2108"]

1.c4 c6 2.g3 d5 3.Bg2 Nf6 4.d4 e6 5.cxd5 exd5 6.Nf3 Bd6 7.O-O O-O 8.Nc3 Re8
9.Qc2 Bg4 10.Bd2 Nbd7 11.Rfe1 Nf8 12.Rac1 Ne4 13.Na4 Ne6 14.e3 Qf6 15.Ne5 Qxf2+
16.Kh1 Bxe5 17.dxe5 Bf3 18.Rg1 Nxg3+ 19.hxg3 Qxg3 20.Be1 Qh3+  0-1

[Event "2nd Split Open 2012"]
[Site "Split CRO"]
[Date "2012.08.17"]
[Round "7.18"]
[White "Sergienko,Vladislav"]
[Black "Doric,N"]
[Result "1/2-1/2"]
[WhiteElo "2191"]
[BlackElo "2322"]

1.c4 c6 2.d4 d5 3.Nf3 e6 4.g3 dxc4 5.Bg2 b5 6.Ne5 Bb7 7.a4 a6 8.Nc3 Qb6 9.Be3 Nf6
10.d5 c5 11.axb5 axb5 12.Rxa8 Bxa8 13.Nxc4 Qd8 14.Nxb5 Bxd5 15.Qa4 Nbd7 16.Bf4 Bxc4
17.Qxc4 Qa5+ 18.Nc3 Be7 19.O-O O-O 20.Rd1 Nb6 21.Qb3 c4 22.Qc2 Nfd5 23.Bd2 Nxc3
24.Bxc3 Bb4 25.Bd4 Bc5 26.Bc3 Bb4 27.Bd4 Bc5 28.Qc3 Qa4 29.Rc1 Bxd4 30.Qxd4 Qb3
31.e3 h6 32.Bf1 Rb8 33.Bxc4  1/2-1/2

[Event "Husek Vienna Open A"]
[Site "Vienna AUT"]
[Date "2012.08.17"]
[Round "5"]
[White "Wagner,Stef AUT"]
[Black "Alvir,A"]
[Result "0-1"]
[WhiteElo "2208"]
[BlackElo "2363"]

1.c4 c6 2.g3 d5 3.Bg2 dxc4 4.Na3 g6 5.Nxc4 Bg7 6.Nf3 Nf6 7.O-O O-O 8.d4 Be6
9.Qc2 Na6 10.a3 Rc8 11.Rd1 Bd5 12.Nfe5 Bxg2 13.Kxg2 b5 14.Ne3 Qb6 15.b4 Rfd8
16.Bb2 Nd5 17.Nf3 Qb7 18.Nf1 Nb6 19.Qb3 Na4 20.Rdb1 Nc7 21.e3 Ne6 22.Bc1 Qa8
23.h4 h6 24.N1h2 Rd7 25.Ra2 Nc7 26.Bd2 Rcd8 27.Be1 e5 28.dxe5 c5 29.bxc5 Nxc5
30.Qc2 Nd3 31.Ba5 Rc8 32.Bxc7 Rcxc7 33.Qe2 Nc1 34.Rxc1 Rxc1 35.Qxb5 Qd5 36.Qe2 Qc6
37.e4 Qc4 38.Qe3 Rd3 39.Qe2 Rdc3 40.Qd2 Qxe4 41.Qd7 Rc7 42.Qe8+ Kh7 43.Rd2 Qc6
44.Qd8 Bxe5 45.Ng4 Bg7 46.h5 Qe4 47.Nf6+ Bxf6 48.Qxf6 R1c6 49.hxg6+ fxg6
50.Qf8 Qe7 51.Qf4 Qf6 52.Qe4 Rc4 53.Qe8 Re7 54.Qb5 Rce4 55.Nh2 R4e5 56.Qc4 Qe6
57.Qd4 Qc6+ 58.Nf3 Rf5 59.Rd3 Ref7 60.Rc3 Qb7  0-1

[Event "11th Lichtenberger Sommer 2012"]
[Site "Berlin GER"]
[Date "2012.08.18"]
[Round "1.17"]
[White "Boetzer,D"]
[Black "Birkholz,A"]
[Result "1-0"]
[WhiteElo "2277"]
[BlackElo "1882"]

1.c4 c6 2.d4 d5 3.Nf3 Nf6 4.e3 e6 5.Bd3 Nbd7 6.b3 Bd6 7.Bb2 Ne4 8.O-O Ndf6
9.Nbd2 Nxd2 10.Qxd2 O-O 11.Qc2 b6 12.c5 Be7 13.Ne5 Bb7 14.b4 a5 15.a3 b5
16.a4 bxa4 17.b5 cxb5 18.Bxb5 Qc7 19.Qxa4 Ne4 20.f3 Nd2 21.Rf2 Nc4 22.Nxc4 dxc4
23.Qxc4 Bc6 24.Bxc6 Qxc6 25.Qa4 Qxa4 26.Rxa4 Rfb8 27.Bc3 Bd8 28.Rfa2 Rb5
29.Kf2 Kf8 30.Ke2 Ke7 31.Kd3 Kd7 32.Kc4 Rab8 33.e4 Rb1 34.Bxa5 Bxa5 35.Rxa5 Rc1+
36.Kd3 Rb3+ 37.Ke2 Rcc3 38.Ra7+ Ke8 39.Rd2 Re3+ 40.Kf2 Red3 41.Rxd3 Rxd3
42.Ra4 Kd7 43.h4 h5 44.Kg3 Rd2 45.Ra7+ Kc6 46.Rxf7 Rxd4 47.Rxg7 Kxc5 48.Rg5+ Kd6
49.Rxh5 Rd2 50.e5+ Kd5 51.Rg5 Ra2 52.h5 Ra7 53.h6 Rh7 54.Rh5  1-0

[Event "III Sarkany-Aranytiz GM"]
[Site "Budapest HUN"]
[Date "2012.08.18"]
[Round "1.5"]
[White "Medvegy,Z"]
[Black "Berczes,D"]
[Result "1/2-1/2"]
[WhiteElo "2555"]
[BlackElo "2530"]

1.c4 c6 2.Nf3 d5 3.e3 Nf6 4.Nc3 e6 5.b3 Bd6 6.Bb2 O-O 7.Be2 Nbd7 8.O-O b6
9.cxd5 cxd5 10.Nb5 Be7 11.Rc1 Bb7 12.a3 a6 13.Nbd4 Rc8 14.Rxc8 Qxc8 15.Qb1 Qb8
16.Rc1 Rc8 17.b4 Bd6 18.h3 Rxc1+ 19.Qxc1 Qc8 20.Qxc8+ Bxc8 21.Nc6 Ne8 22.Nfd4 Ne5
23.Nxe5 Bxe5 24.f4 Bf6 25.g4 h6 26.Bc3 Nd6 27.d3 Bd7 28.Kg2 g5 29.Kf3 Bg7
30.Bd1 Nb5 31.Nxb5 Bxb5 32.Bxg7 Kxg7 33.Bc2 Kf6 34.Kg3 Ke7 35.fxg5 hxg5 36.h4 gxh4+
37.Kxh4 f6 38.a4 Be8 39.a5 bxa5 40.bxa5 Bg6 41.g5 fxg5+ 42.Kxg5 Bh7 43.Kh6 Bf5
44.e4 dxe4 45.dxe4 Bxe4 46.Bxe4 Kd6 47.Bd3 Kc5 48.Bxa6 Kb4 49.Kg6 Kxa5 50.Bd3 e5
51.Kf6 e4 52.Bxe4  1/2-1/2

[Event "ZMDI Open A 2012"]
[Site "Dresden GER"]
[Date "2012.08.18"]
[Round "1"]
[White "Neef,M"]
[Black "Ehlert,H"]
[Result "1-0"]
[WhiteElo "2100"]
[BlackElo "2013"]

1.c4 c6 2.d4 d5 3.e3 Nf6 4.Nc3 Nbd7 5.Qc2 dxc4 6.Bxc4 e5 7.Nf3 Bd6 8.O-O O-O
9.h3 Qe7 10.e4 b5 11.Bd3 exd4 12.Nxd4 Qe5 13.Nf3 Qh5 14.Be2 Ne5 15.Ng5 Neg4
16.g3 h6 17.hxg4 Bxg4 18.e5 Bxe5 19.Bxg4 Qxg4 20.Nge4 Bxc3 21.Nxc3 Rfe8 22.Kg2 b4
23.Nd1 Re2 24.Qxc6 Rd8 25.Qf3 Qc4 26.Ne3 Qb5 27.b3 Nh7 28.Nc4 Re6 29.Be3 Rd3
30.a4 bxa3 31.Nxa3 Qd7 32.Rfd1 Ng5 33.Rxd3 Qxd3 34.Bxg5 Qxf3+ 35.Kxf3 hxg5
36.Nc4 a6  1-0

[Event "2nd Metropolitan International"]
[Site "Los Angeles USA"]
[Date "2012.08.18"]
[Round "8"]
[White "Nilsson,Mar"]
[Black "Xia,Yusheng"]
[Result "1/2-1/2"]
[WhiteElo "2165"]
[BlackElo "2086"]

1.c4 c6 2.g3 d5 3.Bg2 Nf6 4.Nf3 Bf5 5.cxd5 cxd5 6.Qb3 Qb6 7.Qxb6 axb6 8.d3 Nc6
9.Nc3 e5 10.O-O Be7 11.Bg5 Be6 12.Nd2 Rd8 13.Nb5 O-O 14.Nb3  1/2-1/2

[Event "LBV Open A 2012"]
[Site "Roosendaal NED"]
[Date "2012.08.18"]
[Round "4.16"]
[White "Bosboom,M"]
[Black "Otten,Martijn"]
[Result "1-0"]
[WhiteElo "2383"]
[BlackElo "2015"]

1.c4 c6 2.Nf3 d5 3.e3 Nf6 4.Nc3 g6 5.b3 Bg7 6.Bb2 O-O 7.Qc2 Nbd7 8.Rc1 e5
9.cxd5 cxd5 10.Nb5 Ne8 11.Ba3 a6 12.Nc3 d4 13.Ne4 b5 14.exd4 exd4 15.Bd3 Bb7
16.O-O f5 17.Neg5 Rf6 18.Rfe1 Rc6 19.Bxf5 Nc7 20.Be7 Rxc2 21.Bxd8 Rxc1 22.Rxc1 Rxd8
23.Rxc7 gxf5 24.Rxb7 Nc5 25.Rc7 Rd5 26.b4 h6 27.Rxc5 Rxc5 28.bxc5 hxg5 29.c6  1-0

[Event "11th Lichtenberger Sommer 2012"]
[Site "Berlin GER"]
[Date "2012.08.19"]
[Round "2.19"]
[White "Schneider,Ch1"]
[Black "Hansen,ReR"]
[Result "1/2-1/2"]
[WhiteElo "2234"]
[BlackElo "2047"]

1.c4 c6 2.d4 d5 3.Nc3 Nf6 4.Nf3 dxc4 5.a4 Bf5 6.e3 e6 7.Bxc4 Bb4 8.O-O O-O
9.Qb3 Qe7 10.Bd2 c5 11.d5 exd5 12.Nxd5 Nxd5 13.Bxd5 Na6 14.Rfd1 Rad8 15.Bc3 Bg6
16.Bc4 Bh5 17.Bxa6 Bxf3 18.gxf3 bxa6 19.Qc4 Rd6 20.Rxd6 Qxd6 21.Bxb4 cxb4
22.Rc1 h6 23.Qc6 Qd2 24.Rc2 Qd1+ 25.Kg2 Rd8 26.Rc4 a5 27.Re4 Rd6 28.Qc8+ Kh7
29.Qf5+ Rg6+ 30.Rg4 Qxa4 31.h4 Kg8 32.Rxg6 fxg6 33.Qxg6 Qb3 34.Qe8+ Kh7 35.Qe4+ Kg8
36.Qa8+ Kh7 37.Qxa7 a4 38.Qd4 a3 39.bxa3 bxa3 40.Qe4+ Kg8 41.Qe8+  1/2-1/2

[Event "ZMDI Open A 2012"]
[Site "Dresden GER"]
[Date "2012.08.19"]
[Round "2"]
[White "Paul,Jo"]
[Black "Mertens,P"]
[Result "1-0"]
[WhiteElo "2261"]
[BlackElo "2030"]

1.c4 c6 2.Nf3 Nf6 3.Nc3 d5 4.e3 Nbd7 5.d4 g6 6.Qb3 Nb6 7.cxd5 cxd5 8.Ne5 a6
9.a4 Bg7 10.a5 Nbd7 11.Nxd7 Qxd7 12.Na4 Qd6 13.Nb6 Rb8 14.Bd2 Bf5 15.Be2 O-O
16.Bb4 Qd8 17.Rc1 Re8 18.O-O Be6 19.Bf3 Ne4 20.Rc2 h6 21.Rfc1 Bf8 22.Rc7 Kh8
23.Qa3 Kg8 24.Bd1 Nd6 25.Bxd6 exd6 26.Bf3 Qg5 27.Qb3 Be7 28.Bxd5 Bxd5 29.Qxd5 Qxd5
30.Nxd5 Bd8 31.Rd7 Kf8 32.b4 Re6 33.Nc7 Re7 34.Rxe7 Kxe7 35.Nd5+ Ke6 36.e4 b6
37.axb6 Bxb6 38.Rd1 f5 39.f3 Rb7 40.Kf2 fxe4 41.fxe4 a5 42.b5 a4 43.Ke3 a3
44.Ra1 Bd8 45.Rxa3 Rxb5 46.h4 Rb1 47.Ra7 Bxh4 48.Nf4+ Kf6 49.Rd7 Rb3+ 50.Ke2 Bg5
51.Rxd6+ Ke7 52.Rb6 Rxb6 53.Nd5+ Ke6 54.Nxb6 Bf4 55.Kf3 Bb8 56.Nc4 Bc7 57.Ne3 Bb8
58.e5 Ba7 59.Ke4 Bb8 60.d5+ Ke7 61.Nc2 Bc7 62.Nd4 Bb6 63.Nc6+ Ke8 64.d6  1-0

[Event "12th ch-Euro Seniors"]
[Site "Kaunas LTU"]
[Date "2012.08.19"]
[Round "2.7"]
[White "Karasev,Vl"]
[Black "Grabow,P"]
[Result "1-0"]
[WhiteElo "2380"]
[BlackElo "2173"]

1.c4 c6 2.d4 d5 3.Nc3 Nf6 4.Nf3 dxc4 5.a4 Na6 6.e3 Bg4 7.Bxc4 e6 8.h3 Bh5
9.O-O Nb4 10.a5 Be7 11.Be2 Bg6 12.Ne5 O-O 13.Nxg6 hxg6 14.Qb3 b6 15.a6 Rc8
16.Rd1 Nbd5 17.Bf3 Qc7 18.e4 Nxc3 19.bxc3 c5 20.e5 Nd7 21.Bb7 Rcd8 22.Bf4 Nb8
23.Qb5 Qd7 24.Qe2 cxd4 25.cxd4 Nc6 26.Be3 Na5 27.d5 exd5 28.Bxd5 Qc7 29.e6 fxe6
30.Bxe6+ Kh7 31.Qb5 Rd6 32.Rxd6 Qxd6 33.Bg4 Nc6 34.Rd1 Qf6 35.Bf3 Ne5 36.Bb7 Rd8
37.Rxd8 Bxd8 38.Qd5 Bc7 39.f4 Nf7 40.Qc4 Qe7 41.Qd3 Nd6 42.Bf3 Nf5 43.Bd2 Bd6
44.Be4 Qe6 45.Kh2 Ne7 46.Bf3 Kh8 47.g3 Bc5 48.h4 Qd6 49.Qxd6 Bxd6 50.Kg2 Kg8
51.Kf2 Bc5+ 52.Ke2 Kf7 53.Kd3 Ke6 54.Bc3 Nf5 55.g4 Nxh4 56.Bb7 g5 57.f5+ Nxf5
58.Bc8+  1-0

[Event "12th ch-Euro Seniors"]
[Site "Kaunas LTU"]
[Date "2012.08.19"]
[Round "2.1"]
[White "Balashov,Y"]
[Black "Grinberg,I"]
[Result "1-0"]
[WhiteElo "2450"]
[BlackElo "2202"]

1.c4 c6 2.e4 d5 3.exd5 cxd5 4.cxd5 Nf6 5.Nc3 Nxd5 6.Nf3 Nxc3 7.bxc3 g6 8.h4 h5
9.Bc4 Nc6 10.Qb3 e6 11.d4 a6 12.Bd3 Bg7 13.Ba3 Bf8 14.O-O Bxa3 15.Qxa3 Qe7
16.Qb2 O-O 17.Rfe1 Rd8 18.Rad1 Qc7 19.Ng5 b5 20.Re3 Ne7 21.Rg3 Nf5 22.Bxf5 exf5
23.Re1 f4 24.Rd3 Bf5 25.Rdd1 Rac8 26.Rc1 Re8 27.Qa3 a5 28.d5 Rxe1+ 29.Rxe1 Qc5
30.Qxa5 Qxd5 31.Qa7 Ra8 32.Qc7 Qxa2 33.Qxf4 Qc4 34.Qe5 Rc8 35.Qf6 Bd7 36.Re7 Be8
37.Ne6 Qxc3 38.Qxc3 Rxc3 39.Rxe8+ Kh7 40.Ng5+  1-0

[Event "4th Pilsen Open 2012"]
[Site "Plzen CZE"]
[Date "2012.08.19"]
[Round "2.7"]
[White "Ondrejat,M"]
[Black "Roew,R"]
[Result "1-0"]
[WhiteElo "2060"]
[BlackElo "1811"]

1.c4 c6 2.d4 d5 3.Nc3 e6 4.Nf3 Nd7 5.e3 dxc4 6.Bxc4 b5 7.Bd3 a6 8.O-O Bb7
9.e4 c5 10.d5 c4 11.Bc2 h6 12.dxe6 fxe6 13.e5 Bxf3 14.Bg6+ Ke7 15.Qd6+  1-0

[Event "EY Boys U14 2012"]
[Site "Prague CZE"]
[Date "2012.08.19"]
[Round "3.30"]
[White "Christiansen,Johan-Sebastian"]
[Black "Utnasanov,Adyan"]
[Result "1-0"]
[WhiteElo "2073"]
[BlackElo "1882"]

1.c4 c6 2.g3 d5 3.Nf3 e6 4.Bg2 f5 5.O-O Bd6 6.b3 Nf6 7.Bb2 O-O 8.d3 Bd7 9.Nbd2 Be8
10.Qc2 Bh5 11.e4 Bc7 12.Nd4 Qd7 13.cxd5 cxd5 14.Nxe6 Qxe6 15.Qxc7 Na6 16.Qa5 Rac8
17.e5 Rc5 18.Qa4 Nd7 19.Qd4 Nc7 20.a4 Rc2 21.Rac1 Rc6 22.Qxa7 b6 23.Rxc6 Qxc6
24.Rc1 Nc5 25.a5 Nb5 26.Qe7 Qh6 27.Bxd5+ Bf7 28.e6 Nxe6 29.Nf3 bxa5 30.Ne5 Qg5
31.Qd7 Nbd4 32.Nxf7 Qh5 33.Bxd4  1-0

[Event "2nd Split Open 2012"]
[Site "Split CRO"]
[Date "2012.08.19"]
[Round "9.29"]
[White "Doric,N"]
[Black "Gooding,I"]
[Result "1-0"]
[WhiteElo "2322"]
[BlackElo "2041"]

1.c4 c6 2.e4 e5 3.Nf3 d6 4.d4 Nd7 5.Nc3 Ngf6 6.Be2 Be7 7.O-O O-O 8.Be3 Qc7
9.d5 Nc5 10.Nd2 Ne8 11.b4 Na6 12.a3 Kh8 13.Rc1 Nb8 14.c5 f5 15.dxc6 Nxc6
16.Nd5 Qd8 17.Nxe7 Nxe7 18.Nc4 f4 19.cxd6 fxe3 20.dxe7 Qxe7 21.Nxe3 Nf6 22.Nd5 Nxd5
23.Qxd5 Rd8 24.Qc5 Qf6 25.Rfd1 Bd7 26.Rd6 Qg5 27.Rcd1 Bc6 28.f3 Rdc8 29.Qc1 Qe7
30.Qb2 Ba4 31.R1d2 Rc7 32.R6d5 Rac8 33.Qxe5 Rc1+ 34.Kf2 Qh4+ 35.Qg3 Qf6 36.Qg5 Qb6+
37.Kg3 h6 38.Rd8+ Be8 39.Qe7 Qg6+ 40.Kf4 R1c7 41.Qe5 Rf7+ 42.Ke3 Qb6+ 43.Qd4 Rxd8
44.Qxb6 Rxd2 45.Qxa7 Rd8 46.Bc4 Rc7 47.Bd5 Bf7 48.Qb6 Rdd7 49.Bxf7 Rc3+ 50.Kf2 Rxf7
51.a4 Rfc7 52.b5 R7c4 53.e5 Rc2+ 54.Kg3 R4c3 55.e6 Rc7 56.e7  1-0

[Event "14th Sants Open A"]
[Site "Barcelona ESP"]
[Date "2012.08.20"]
[Round "4.18"]
[White "Blomqvist,E"]
[Black "Ortmann,D"]
[Result "1-0"]
[WhiteElo "2454"]
[BlackElo "2344"]

1.c4 c6 2.Nf3 d5 3.e3 Nf6 4.Nc3 a6 5.Qc2 g6 6.d4 Bg7 7.Bd3 O-O 8.O-O Bg4
9.Ne5 Be6 10.c5 Nbd7 11.Nxd7 Qxd7 12.Bd2 Bf5 13.Bxf5 Qxf5 14.Qxf5 gxf5 15.Ne2 Rab8
16.Ba5 Rfc8 17.Rac1 Nd7 18.Rfd1 e6 19.h3 Bf6 20.g4 fxg4 21.hxg4 Bd8 22.Bxd8 Rxd8
23.Kg2 Rdc8 24.Nf4 e5 25.Nh5 Re8 26.e4 exd4 27.exd5 Re5 28.dxc6 bxc6 29.Rxd4 Nxc5
30.Rdc4 Nd3 31.R1c3 Ne1+ 32.Kf1 Rxb2 33.Rxc6 h6 34.Rxa6 Rb1 35.Rc8+ Kh7 36.Nf6+  1-0

[Event "ZMDI Open A 2012"]
[Site "Dresden GER"]
[Date "2012.08.20"]
[Round "3"]
[White "Bar,Av"]
[Black "Hentze,M"]
[Result "1-0"]
[WhiteElo "2150"]
[BlackElo "2089"]

1.c4 c6 2.d4 d5 3.Nc3 Nf6 4.e3 a6 5.Qc2 g6 6.Bd3 Bg7 7.Nf3 Bg4 8.Ne5 Be6
9.O-O O-O 10.h3 dxc4 11.Nxc4 Nbd7 12.e4 Bxc4 13.Bxc4 b5 14.Be2 Nb6 15.Be3 Qc7
16.Rac1 Rac8 17.Rfd1 e6 18.Nb1 Qb7 19.Nd2 Nbd7 20.Nb3 Qc7 21.Qb1 Rfe8 22.Nc5 Nxc5
23.Rxc5 Nd7 24.Rcc1 Qb7 25.a3 Bf8 26.b4 a5 27.Bd2 axb4 28.axb4 Ra8 29.Qc2 Ra6
30.Ra1 Rea8 31.Ra5 Bg7 32.Be1 Nb6 33.Rc1 Na4 34.Rxa6 Rxa6 35.d5 exd5 36.exd5 cxd5
37.Qc8+ Qxc8 38.Rxc8+ Bf8 39.Bxb5 Re6 40.Bd2 Nb6 41.Rb8 Kg7 42.Bc3+ f6 43.g4 Kf7
44.Rb7+ Be7 45.Bf1 Na4 46.Bd2 Rb6 47.Ra7 Nb2 48.Be3 Rxb4 49.Rxe7+ Kxe7 50.Bc5+ Ke6
51.Bxb4 Na4 52.Bb5 Nb6 53.Bc5 Na8 54.f4 Nc7 55.Bd3 f5 56.Kf2 Ne8 57.g5 Nc7
58.Ke3 Kd7 59.h4 Ne6 60.Bd4 Ke7 61.h5 Kf7 62.h6 Nd8 63.Bb5 Ke6 64.Be8  1-0

[Event "EY Boys U18 2012"]
[Site "Prague CZE"]
[Date "2012.08.20"]
[Round "4.2"]
[White "Nikologorskiy,K"]
[Black "Gabuzyan,H"]
[Result "0-1"]
[WhiteElo "2400"]
[BlackElo "2488"]

1.c4 c6 2.e4 d5 3.exd5 cxd5 4.d4 Nf6 5.Nc3 g6 6.Nf3 Bg7 7.Bd3 O-O 8.O-O Nc6
9.h3 Nb4 10.Be2 dxc4 11.Bxc4 Bf5 12.Nh4 Qc8 13.Nxf5 Qxc4 14.Ne3 Qa6 15.Qb3 Nc6
16.Rd1 Rac8 17.d5 Ne5 18.Bd2 Nfd7 19.Ne4 Qd3 20.Qxd3 Nxd3 21.Bc3 Bxc3 22.Rxd3 Be5
23.d6 e6 24.Rad1 h6 25.Rb3 b6 26.Ra3 a5 27.Rb3 Rc6 28.Rb5 Rfc8 29.Kf1 f5
30.Nd2 Rxd6 31.Ke2 Bf4 32.Nec4 Rd5 33.Rxd5 exd5 34.Ne3 Re8 35.Nf3 Bxe3 36.fxe3 Nf6
37.Kd3 Rc8 38.Ne5 Kg7 39.g4 fxg4 40.hxg4 Re8 41.Kd4 Nxg4 42.Nxg4 Re4+ 43.Kxd5 Rxg4
44.e4 Rg2 45.e5 g5 46.Rb1 h5 47.e6 Re2 48.b4 axb4 49.Rxb4 Kf6 50.Rxb6 Re5+
51.Kd4 Rxe6  0-1

[Event "14th Sants Open A"]
[Site "Barcelona ESP"]
[Date "2012.08.21"]
[Round "5.4"]
[White "Cruz,F"]
[Black "Cuartas,Ja"]
[Result "1/2-1/2"]
[WhiteElo "2410"]
[BlackElo "2521"]

1.c4 c6 2.e4 e5 3.Nf3 d6 4.d4 Bg4 5.Be2 Nd7 6.Nc3 Ngf6 7.O-O Be7 8.d5 O-O
9.Ne1 Bxe2 10.Qxe2 Ne8 11.Nd3 Bg5 12.g3 Bxc1 13.Raxc1 c5 14.f4 Qe7 15.Rf2 a6
16.Rcf1 Nc7 17.f5 b5 18.b3 Qg5 19.Ne1 bxc4 20.Nf3 Qe7 21.bxc4 Rfb8 22.g4 Rb4
23.g5 f6 24.h4 Nb6 25.Nd2 Rf8 26.Rg2 a5 27.Nd1 Ra4 28.Nc3 Rb4 29.Rf3 Rb2
30.Rfg3 Ne8 31.Kh2 Kh8 32.Qd1 Nd7 33.Qc1 Rb7 34.Nd1 Qf7 35.g6 Qe7 36.Ne3 a4
37.Ng4 hxg6 38.Ne3 g5 39.Nf3 Kh7 40.hxg5 Rh8 41.Rh3+ Kg8 42.Rxh8+ Kxh8 43.Kg3 Kg8
44.Rh2 Qd8 45.Qh1 Kf7 46.Rh8 Nf8 47.Qh5+ Ke7 48.Nh4 Qa5 49.Rxf8 Qe1+ 50.Kf3 Qh1+
51.Kg3 Qe1+ 52.Kf3 Qh1+  1/2-1/2

[Event "11th Lichtenberger Sommer 2012"]
[Site "Berlin GER"]
[Date "2012.08.21"]
[Round "4.15"]
[White "Amelang,T"]
[Black "Rietze,C"]
[Result "0-1"]
[WhiteElo "2140"]
[BlackElo "2280"]

1.c4 c6 2.Nc3 d5 3.cxd5 cxd5 4.d4 Nc6 5.Nf3 Nf6 6.e3 Bg4 7.Be2 e6 8.h3 Bh5
9.g4 Bg6 10.Nh4 Be4 11.f3 Bd6 12.Ng2 Bg6 13.Kf2 Ng8 14.a3 f6 15.b4 Nge7 16.e4 dxe4
17.fxe4 Nxd4 18.Qxd4 Bg3+ 19.Ke3 Bf2+  0-1

[Event "11th Lichtenberger Sommer 2012"]
[Site "Berlin GER"]
[Date "2012.08.22"]
[Round "5.1"]
[White "Kalinitschew,S"]
[Black "Teske,H"]
[Result "1/2-1/2"]
[WhiteElo "2458"]
[BlackElo "2537"]

1.c4 c6 2.d4 d5 3.e3 Nf6 4.Nf3 Bg4 5.h3 Bh5 6.Nc3 e6 7.g4 Bg6 8.Ne5 Nbd7
9.Nxg6 hxg6 10.a3 Bd6 11.g5 Ng8  1/2-1/2

[Event "ZMDI Open A 2012"]
[Site "Dresden GER"]
[Date "2012.08.22"]
[Round "5"]
[White "Zeberski,J"]
[Black "Meissner,F"]
[Result "0-1"]
[WhiteElo "2380"]
[BlackElo "2242"]

1.c4 c6 2.Nf3 Nf6 3.g3 d5 4.b3 g6 5.Bb2 Bg7 6.Bg2 O-O 7.O-O Nbd7 8.d3 Re8
9.Nc3 e5 10.cxd5 Nxd5 11.Rc1 N7b6 12.Nd2 Nxc3 13.Bxc3 Nd5 14.Bb2 Bg4 15.Ne4 Qe7
16.h3 Bc8 17.a3 f5 18.Nc5 Bh6 19.e3 b6 20.Na4 Bb7 21.b4 Rad8 22.Re1 Qf7 23.Qf3 Re7
24.Rcd1 Nf6 25.Qe2 Qb3 26.Nc3 Red7 27.Nb1 Qe6 28.f4 exf4 29.exf4 Qxe2 30.Rxe2 Nh5
31.Kh2 Bg7 32.Bxg7 Nxg7 33.Rc1 Rc8 34.Nd2 Rxd3 35.b5 cxb5 36.Rxc8+ Bxc8 37.Nf3 Be6
38.Ng5 Bc4 39.Re7 h6 40.Nf3 Rxa3 41.Ne5 Ra2 42.Kg1 Nh5 43.Bc6 Nxg3 44.Nxg6 Ne2+
45.Kh1 Nd4 46.Bg2 b4 47.Re2 Be6  0-1